| 000 | 00372nam a2200169Ia 4500 | ||
|---|---|---|---|
| 001 | 20505 | ||
| 003 | IN-NITTTR | ||
| 005 | 20251114233234.0 | ||
| 008 | 251113s9999||||xx |||||||||||||| ||eng|| | ||
| 040 | _beng | ||
| 040 | _cIN-NITTTR | ||
| 041 | _aeng | ||
| 082 | _a928.21 M29A | ||
| 100 | _aThapar, Raj | ||
| 245 | 0 |
_aAll these years. / _cThapar, Raj |
|
| 942 |
_2ddc _cBK |
||
| 999 |
_c23138 _d23138 |
||